Rebel Moon / directed by Zack Snyder; screenplay by Zack Snyder Kurt, Johnstad Shay Hatten; story by Zack Snyder; produced by Deborah Snyder, Eric Newman, Zack Snyder, Wesley Coller (Record no. 20983)

000 -LEADER
fixed length control field 01387nam a22003377a 4500
008 - FIXED-LENGTH DATA ELEMENTS--GENERAL INFORMATION
fixed length control field 250529b xxu||||| |||| 00| 0 eng d
040 ## - CATALOGING SOURCE
Original cataloging agency Cagayan State University
Description conventions RDA
082 ## - DEWEY DECIMAL CLASSIFICATION NUMBER
Classification number 791.4372
Item number R289
245 ## - TITLE STATEMENT
Title Rebel Moon / directed by Zack Snyder; screenplay by Zack Snyder Kurt, Johnstad Shay Hatten; story by Zack Snyder; produced by Deborah Snyder, Eric Newman, Zack Snyder, Wesley Coller
260 ## - PUBLICATION, DISTRIBUTION, ETC. (IMPRINT)
Place of publication, distribution, etc United States
Name of publisher, distributor, etc Netflix
Date of publication, distribution, etc 2023.
300 ## - PHYSICAL DESCRIPTION
Extent 1 videofile, (ca.134 mins.) :
Other physical details color, sound.
520 ## - SUMMARY, ETC.
Summary, etc When a peaceful settlement on the edge of a distant moon finds itself threatened by a tyrannical ruling force, a stranger living among its villagers becomes their best hope for survival.
521 ## - TARGET AUDIENCE NOTE
Target audience note Rated PG-13 for sequences of strong violence, sexual assault, bloody images, language, sexual material and partial nudity.
546 ## - LANGUAGE NOTE
Language note English
650 ## - SUBJECT ADDED ENTRY--TOPICAL TERM
Topical term or geographic name as entry element Action.
650 ## - SUBJECT ADDED ENTRY--TOPICAL TERM
Topical term or geographic name as entry element Adventure.
650 ## - SUBJECT ADDED ENTRY--TOPICAL TERM
Topical term or geographic name as entry element Drama.
650 ## - SUBJECT ADDED ENTRY--TOPICAL TERM
Topical term or geographic name as entry element Fantasy.
650 ## - SUBJECT ADDED ENTRY--TOPICAL TERM
Topical term or geographic name as entry element Science Fiction.
700 ## - ADDED ENTRY--PERSONAL NAME
Personal name Sofia Boutella, star.
700 ## - ADDED ENTRY--PERSONAL NAME
Personal name Djimon Hounsou, star.
700 ## - ADDED ENTRY--PERSONAL NAME
Personal name Ed Skrein, star.
700 ## - ADDED ENTRY--PERSONAL NAME
Personal name Michiel Huisman, star.
700 ## - ADDED ENTRY--PERSONAL NAME
Personal name Bae Doona, star.
700 ## - ADDED ENTRY--PERSONAL NAME
Personal name Ray Fisher, star.
700 ## - ADDED ENTRY--PERSONAL NAME
Personal name Charlie Hunnam, star.
700 ## - ADDED ENTRY--PERSONAL NAME
Personal name Anthony Hopkins, star.
700 ## - ADDED ENTRY--PERSONAL NAME
Personal name Zack Snyder, cinematographer.
700 ## - ADDED ENTRY--PERSONAL NAME
Personal name Dody Dorn, editor.
942 ## - ADDED ENTRY ELEMENTS (KOHA)
Source of classification or shelving scheme
Item type Audio-Visual Materials
Holdings
Source of acquisition Price effective from Permanent location Date last seen Not for loan Date acquired Source of classification or shelving scheme Koha item type Collection code Shelving location Damaged status Lost status Withdrawn status Current location Full call number
school2025-05-29Cagayan State University - Carig Library2025-05-29 2025-05-29 Audio-Visual MaterialsElectronic Media CenterElectronic Media Center   Cagayan State University - Carig Library791.4372 R289

Cagayan State University University Library, Carig Campus
Tuguegarao City, Cagayan 3500 | www.csucarig.edu.ph

Powered by Koha